An illustrated manual of Pacific coast trees /

Bibliographic Details
Main Author: McMinn, Howard, 1891-
Other Authors: Maino, Evelyn, Shepherd, Harry Whitcomb, 1890-
Format: Book
Language:English
Published: Berkeley, Calif. : University of California press, 1937
Edition:2nd ed.
Subjects:

MARC

Tag First Indicator Second Indicator Subfields
LEADER 00000cam a2200000 4500
001 in00000577413
005 20151014073421.0
008 750729s1937 cauab b 00110 engmc
010 |a a 46004515  
035 |a (OCoLC)01488782 
035 |9 ACP4437AM 
040 |a California. Univ. Libr.  |c MUB  |d OCL  |d m/c  |d TXA  |d UtOrBLW 
049 |a TXAM  |c [A10710353] 
090 |a QK482  |b .M25 1947 
100 1 |a McMinn, Howard,  |d 1891- 
245 1 3 |a An illustrated manual of Pacific coast trees /  |c by Howard E. McMinn ... and Evelyn Maino. With lists of trees recommended for various uses on the Pacific coast, by H. W. Shepherd. 
250 |a 2nd ed. 
264 1 |a Berkeley, Calif. :  |b University of California press,  |c 1937 
264 3 |c 1947 printing 
300 |a xii, 409 pages :  |b including color frontispiece, illustrations ;  |c 20 cm. 
336 |a text  |b txt  |2 rdacontent 
337 |a unmediated  |b n  |2 rdamedia 
338 |a volume  |b nc  |2 rdacarrier 
500 |a "Glossary of botanical terms": pages 353-360. 
500 |a Includes index. 
504 |a "References": pages 365-367. 
650 0 |a Trees  |z Pacific Coast. 
650 0 |a Trees  |z North America. 
700 1 |a Maino, Evelyn. 
700 1 |a Shepherd, Harry Whitcomb,  |d 1890- 
999 |a MARS 
999 f f |s a05a73fc-9f9e-3e27-9584-73cc7877b915  |i 15d22f27-8e79-37e7-8c9f-89d5e5115009  |t 0 
952 f f |p ric  |a Texas A&M University  |b Rellis Campus  |c Joint Library Facility  |d Remote Storage  |t 0  |e QK482 .M25 1947  |h Library of Congress classification  |i unmediated -- volume  |m A14810710353 
998 f f |a QK482 .M25 1947  |t 0  |l Remote Storage